000 01089nam a22003377a 4500
003 CHAP
005 20220329141245.0
008 971010s1985 r 00010 d
010 _a65246
011 _a66218
035 _a74225
040 _cCHAP
090 _aTesis
100 0 0 _aMartínez Avila, Humberto Rubén.
_971829
245 _aAnálisis probalístico de la temporada de lluvias
260 _aChapingo, Méx. :
_bEl autor,
_c1985
300 _a127 h.
_b; gráfs.
500 _a/
502 _aTesis (Ing. Agr. Esp. en Irrigación) -- UACH. Departamento de Irrigación
590 _aALEPH
_b10
_c20130110
_lUCH01
_h1355
590 _aBATCH-UPD
_b10
_c20130110
_lUCH01
_h2221
590 _aBATCH-UPD
_b10
_c20130410
_lUCH01
_h1519
590 _aBATCH-UPD
_b10
_c20130914
_lUCH01
_h1728
590 _aCONVERSION
_b10
_c20130109
_lUCH01
_h1336
650 1 4 _aLluvia
_xPredicción.
_967333
901 _aBK
942 _cTESIS
949 _bBC
_cTES
_d-146413
_eTS1
_h17267
_i74225
_si
949 _bI
_cTES
_d-62580
_eTS2
_fc.2
_h394
_i74225
_si
949 _bI
_cTES
_d-7082
_eTS1
_h393
_i74225
_si
999 _c65246
_d65246